Son de Niska par album - Statistiques

Statistiques générales
  • Ce quiz a été pris 154 fois
  • Le résultat moyen est 21 sur 85
Statistiques - réponses
Hint Réponse % Correct
6 Salé
73%
2 Matuidi Charo
59%
5 Bâtiment
57%
7 Tuba Life
56%
13 Chasse à l'homme
52%
18 Médicament
52%
5 Medellin
50%
8 B.O.C
49%
11 Mr Sal
49%
1 Story X
48%
1 Le monde est méchant
46%
1 Zifukoro
46%
16 Amour X
45%
10 Méchant
44%
14 H&M
38%
2 Résaux
37%
3 Siliconé
37%
9 Snapchat
37%
17 W.L.G
36%
3 La wewer
35%
8 N.I
35%
9 44
31%
7 Jota
31%
3 Mustapha Jefferson
31%
4 Gros bonnets
28%
6 Lundi
28%
4 Paris
28%
10 Versus
28%
12 Favélas
26%
3 Blue Magic
25%
7 Du lundi au lundi
25%
4 La zone est miné
25%
5 M.L.C
25%
19 Des Flingues et des roses
23%
2 Italia
23%
9 Ochoa
23%
11 Elle avait son Djo
22%
17 Manu le coq
22%
6 Mendoza
22%
4 Ah bon ?
21%
1 intro
21%
11 Joe Pesci
21%
2 Vrai
21%
13 140G
20%
13 Mauvais Payeur
20%
2 De bon matin
19%
15 D.M.B
19%
13 Mama
19%
12 Paramètre
19%
11 Twerk dans l'binks
19%
15 Stop
18%
8 Tous les couler
18%
16 Cala Boca
17%
17 Loup solitaire
17%
5 Mapess
17%
12 Moula
17%
9 Valise
17%
16 CDC
16%
13 Hasta Luego
16%
14 Tony Montana
16%
1 Bandit Chef
15%
16 J'suis dans les wayes
15%
7 Alien
14%
8 911
13%
18 Speingof
13%
14 Tellement Gang
13%
5 Minuit
12%
12 On veut du yellow
12%
14 T-Rain
12%
3 C.V.T.Q.L.F
11%
15 Service
11%
10 Canelo
10%
14 On l'a fait
10%
11 Tchibili-Tabala
10%
10 True
10%
7 Claquer la monnaie
9%
8 L'ennemi
9%
10 Midi Minuit
9%
6 Ohlolo
9%
12 Tookie
9%
15 Oh Bella Ciao
8%
17 Revendicateur
8%
4 Mama Lova
7%
9 Gere
6%
6 Savages
6%
Aucun quiz correspondant
Distribution des résultats
% des personnes avec chaque résultat
Percentile par nombre de réponses
Votre historique - résultats
Vous n’avez pas pris ce quiz